Countries that end with the letter "S" - Statistics

General Stats
  • This quiz has been taken 391 times
  • The average score is 16 of 18
Answer Stats
Hint Answer % Correct
Oceania Marshall Islands
94%
Americas Honduras
93%
Americas Saint Kitts and Nevis
93%
Americas Bahamas
92%
Oceania Solomon Islands
92%
Europe Netherlands
91%
Americas Barbados
90%
Africa Comoros
90%
Asia/Europe Cyprus
90%
Africa Seychelles
90%
Europe Belarus
89%
Asia Maldives
89%
Americas Saint Vincent and the Grenadines
88%
Asia Laos
87%
America"s" United States
85%
Africa Mauritius
84%
Asia Philippines
83%
Asia United Arab Emirates
77%
No matching quizzes found
Score Distribution
Percent of People with Each Score
Percentile by Number Answered
Your Score History
You have not taken this quiz